| 000 | 00412nam a2200157 a 4500 | ||
|---|---|---|---|
| 001 | 1144 | ||
| 003 | CDMR | ||
| 005 | 20130708111855.0 | ||
| 008 | 130130s1989||||||||||||||||||||||||||||d | ||
| 040 |
_aCDMR _bcat _cCPC GIRONA |
||
| 100 | 1 |
_aGil, Rosa _9171 |
|
| 245 | 1 | 4 |
_aEls indians _cGil, Rosa |
| 260 |
_c1989 _bDiputació de Girona; Caixa Girona |
||
| 490 | 0 |
_aQuaderns de la Revista de Girona _v23 |
|
| 942 |
_cMON _2udc |
||
| 999 |
_c1144 _d1144 |
||